000 00454cam a22001217a 4500
008 180718b1965 xxu||||| |||| 00| 0 eng d
082 _aL3x54 N213
245 _aManagement of public debt in India
_cby National Council of Applied Economic Research
260 _aNew Delhi
_bNational Council of Applied Economic Research
_c1965
300 _a158p.
650 _aDebt, Public - India - Administration
700 _aNational Council of Applied Economic Research
999 _c375370
_d375370